000 00633nam a22002297a 4500
003 UA-OsUOA
001 94510
007 ta
008 20130213b un ||||| |||| 00| 0 ukr d
100 _aГусаров Д.
090 _a821.161.1
_bГ96
942 _cBK
040 _aUA-OsUOA
_brus
_cUA-OsUOA
_dUA-OsUOA
245 _aЗа чертой милосердия цена человеку
_bроманы
300 _a718 с.
955 _a3
041 _arus
080 _a821.161.1
260 _aМ.
_bИзвестия
_c1984
650 7 _a82 Література. Літературознавство
_2UDC
999 _c380750
_d380750